Methodology of development of seismic zoning maps for the earthquake prone regions in Kazakhstan: on the example of East Kazakhstan province. (Record no. 616651)
[ view plain ]
| 000 -LEADER | |
|---|---|
| fixed length control field | 00536nam a22001697a 4500 |
| 020 ## - INTERNATIONAL STANDARD BOOK NUMBER | |
| International Standard Book Number | 9786017152154 |
| 082 ## - DEWEY DECIMAL CLASSIFICATION NUMBER | |
| Classification number | 551.22 |
| Author Mark | ABA |
| 100 ## - MAIN ENTRY--PERSONAL NAME | |
| Personal name | Abakanov, T |
| 245 ## - TITLE STATEMENT | |
| Title | Methodology of development of seismic zoning maps for the earthquake prone regions in Kazakhstan: on the example of East Kazakhstan province. |
| 260 ## - PUBLICATION, DISTRIBUTION, ETC. | |
| Place of publication, distribution, etc. | Almaty: |
| Name of publisher, distributor, etc. | Institute of Seismology; |
| Date of publication, distribution, etc. | 2013. |
| 300 ## - PHYSICAL DESCRIPTION | |
| Extent | 127p |
| 504 ## - BIBLIOGRAPHY, ETC. NOTE | |
| Bibliography, etc. note | Kazakh language |
| 563 ## - BINDING INFORMATION | |
| Binding note | HB |
| 650 ## - SUBJECT ADDED ENTRY--TOPICAL TERM | |
| Topical term or geographic name entry element | Seismology |
| 650 ## - SUBJECT ADDED ENTRY--TOPICAL TERM | |
| Topical term or geographic name entry element | Seismic regions |
| 942 ## - ADDED ENTRY ELEMENTS (KOHA) | |
| Source of classification or shelving scheme | |
| Koha item type | Book |
| 650 ## - SUBJECT ADDED ENTRY--TOPICAL TERM | |
| -- | 36379 |
| 650 ## - SUBJECT ADDED ENTRY--TOPICAL TERM | |
| -- | 133686 |
| Withdrawn status | Lost status | Source of classification or shelving scheme | Materials specified (bound volume or other part) | Damaged status | Not for loan | Permanent Location | Current Location | Date acquired | Coded location qualifier | Total Checkouts | Full call number | Barcode | Date last seen | Price effective from | Koha item type | Public note |
|---|---|---|---|---|---|---|---|---|---|---|---|---|---|---|---|---|
| Satbayev Centre | Central Library (CL) | Central Library (CL) | 03/12/2026 | Satbayev C | 551.22 ABA | CL-D-3250 | 03/12/2026 | 03/12/2026 | Book | Satbayev Centre |
